The voice of Africa: Being an account of the travels of the german inner african exploration expedition in the years 1910, 1912
में बचाया:
| मुख्य लेखक: | |
|---|---|
| स्वरूप: | पुस्तक |
| भाषा: | अंग्रेज़ी |
| प्रकाशित: |
Londres
Hutchinson & Co
1913
|
| संस्करण: | 2a. ed |
| विषय: | |
| टैग: |
टैग जोड़ें
कोई टैग नहीं, इस रिकॉर्ड को टैग करने वाले पहले व्यक्ति बनें!
|
MARC
| LEADER | 00000nam a2200000 a 4500 | ||
|---|---|---|---|
| 001 | UCJ3757 | ||
| 003 | CL-VaPUC | ||
| 008 | 070124e19130000UK |||||||||||||||||eng|d | ||
| 082 | 0 | 4 | |a 910.4 |b FRO |2 21 |
| 100 | 0 | |a Frobenius, Leo |e author |9 506088 | |
| 245 | 1 | 4 | |a The voice of Africa: Being an account of the travels of the german inner african exploration expedition in the years 1910, 1912 |
| 250 | |a 2a. ed | ||
| 300 | |a 2 v | ||
| 942 | |c BK | ||
| 945 | |d 20070124 00:00:00 |a rinostro | ||
| 260 | |a Londres |b Hutchinson & Co |c 1913 | ||
| 500 | |a Mapas e ilustraciones | ||
| 650 | 0 | |a Viajes |9 257115 | |
| 650 | 0 | |a Arqueología |9 265619 | |
| 650 | 0 | |a Mitología |9 255719 | |
| 650 | 0 | |a Religión |9 255164 | |
| 650 | 0 | |a Fetichismo |9 335109 | |
| 650 | 0 | |a Antropología |9 233030 | |
| 650 | 0 | |a Etnología |9 258726 | |
| 650 | 7 | |a RAZAS HUMANAS |2 CL-VaPUC |9 449425 | |
| 650 | 0 | |a Árabes |9 316264 | |
| 650 | 0 | |a Islamismo |9 314084 | |
| 650 | 0 | |a Arte |9 265238 | |
| 650 | 0 | |a Cultura |9 269059 | |
| 650 | 0 | |a Historia |9 255047 | |
| 650 | 0 | |a Cultura |9 269059 | |
| 650 | 0 | |a Colonialismo |9 316469 | |
| 650 | 0 | |a Esclavitud |9 323605 | |
| 651 | 0 | |a África |9 256790 | |
| 583 | |a last modification |c 20070124 00:00:00 |k Rodrigo Vera | ||
| 999 | |c 319879 |d 319877 | ||
| 952 | |0 0 |1 0 |4 0 |6 910_400000000000000_FRO_1913 |7 0 |8 X |9 398279 |a FDOBUD |b FDOBUD |d 2019-11-22 |h v.1 |i 1007890 |o 910.4 FRO 1913 |p 1007890 |r 2019-11-22 |w 2019-11-22 |y BK_X |k BUD | ||
| 952 | |0 0 |1 0 |4 0 |6 910_400000000000000_FRO_1913 |7 0 |8 X |9 398280 |a FDOBUD |b FDOBUD |d 2019-11-22 |h v.2 |i 1007904 |o 910.4 FRO 1913 |p 1007904 |r 2019-11-22 |w 2019-11-22 |y BK_X |k BUD | ||